000 00374nam a2200145Ia 4500
008 230917s9999||||xx |||||||||||||| ||und||
040 _e129936
_aMAIN
041 _aEnglish
082 _a338.4791 R61T
100 _aRoday, Sunetra
245 0 _aTourism: Oprations and management.
260 _aNew Delhi
_bOxford University Press
_c2009
300 _a502 p.
942 _cBK
999 _c152215
_d152215